00582nam a22001697a 4500003000200000005001700002008004100019020002200060050003100082100001700113245006900130250001900199260006600218300004500284500003100329504005200360020231107124443.0230906b xxu||||| |||| 00| 0 eng d a978-1-107-49575-3 aTR IB QC 21.3 b.T877 2016 aTsokos, K.A  aPhysics for the IB diploma : exam preparation guidecK.A. Tsokos aSecond edition aCambridge, United KingdombCambridge University Presscc2016. aviii, 270 pages :bcol. ill. ; c28 cm.  aPhysics--exam preparation. aIncludes bibliographical references and index.